000 01024nam a2200229 i 4500
001 67064
003 ES-MaACL
005 20230906165939.0
007 t|
008 040503s2001 sp |||| | spa d
080 _a347.174(460.285 T.=411.21)"11"
080 _a94(460.285 T.)"11"
245 0 0 _aCarta de seguridad concedida a los mozárabes de Toledo
_b: 19 de marzo de 1101-19 de marzo de 2001.
260 _aToledo :
_bComunidad Mozárabe :
_bInstituto de Estudios Visigótico-Mozárabes,
_c2001.
300 _a[12] p. ;
_c30 cm.
534 _pReprod. de la ed. de.
_tLos fueros de Toledo / Alfonso García-Gallo,
_cMadrid : Instituto Nacional de Estudios Jurídicos, 1976
_n(tirada aparte de: Anuario de Historia del Derecho Español, 1975, p. 341-488)
650 1 4 _aMozárabes-
_zToledo.
_9155461
651 4 _aToledo-
_xHistoria-
_yS.V-XV.
_9168123
710 2 _aComunidad Mozárabe (Toledo)
_9155464
710 2 _aInstituto de Estudios Visigótico-Mozárabes de San Eugenio.
_9155465
852 _aES-MaACL
_j2166-F-9
999 _c67064
_d67064